Rank 3 amalgams
Αποθηκεύτηκε σε:
| Κύριος συγγραφέας: | |
|---|---|
| Άλλοι συγγραφείς: | |
| Μορφή: | Βιβλίο |
| Γλώσσα: | English |
| Δημοσίευση: |
Providence, Rhode island :
American Mathematical Society,
c1998
|
| Σειρά: | Memoirs of the American Mathematical Society ;
; 649 |
| Θέματα: | |
| Ετικέτες: |
Προσθήκη ετικέτας
Δεν υπάρχουν, Καταχωρήστε ετικέτα πρώτοι!
|
MARC
| LEADER | 00000nam a2200000 i 4500 | ||
|---|---|---|---|
| 001 | 1/91575 | ||
| 008 | 991027s1998 eng d | ||
| 020 | |a 0821808702 | ||
| 035 | |l 10053660 | ||
| 040 | |a GR-MY-UA |b gre |e aacr | ||
| 041 | 0 | |a eng | |
| 082 | 0 | |a 512.55 | |
| 100 | 1 | |a Stellmacher, B. |q (Bernd) | |
| 245 | 1 | 0 | |a Rank 3 amalgams / |c Bernd Stellmacher, Franz Georg Timmesfeld |
| 260 | |a Providence, Rhode island : |b American Mathematical Society, |c c1998 | ||
| 300 | |a viii, 123 p.; |c 26 cm. | ||
| 490 | 1 | |a Memoirs of the American Mathematical Society |v ; 649 | |
| 500 | |a Includes bibliographical references | ||
| 500 | |a Volume 136, number 649 (fourth of 6 numbers) | ||
| 650 | 0 | 0 | |a Linear algebraic groups. |
| 650 | 0 | 0 | |a Amalgams (Group theory) |
| 700 | 1 | |a Timmesfeld, Franz Georg |d 1943- | |
| 830 | 0 | |a Memoirs of the American Mathematical Society ; |v ; 649 | |
| 852 | |a INST |b SAMOS |e 19991027 |h 512.55 STE |p 005300012511 |q 005300012511 |t BK |y 0 | ||
| 901 | |a BIBL3-1999-3 | ||
| 909 | |a Σ |b 063256 | ||
| 922 | |a 3ΕΛΗ |b 199907 |c ΕΠΕΑΕΚ/ΜΑΘ |d ΠΑΠΑΣΩΤΗΡΙΟΥ | ||
| 970 | |a ΓΕΝΟΥΖΟΥ |b ΧΡΥΣΑΝΘΗ |z 1999/10/27 | ||